Электрогидравлический источник волн давления для малоглубинной сейсморазведки; Механизация строительства; № 5 (851)
| Parent link: | Механизация строительства/ научно-технический и производственный журнал.— , 1939- № 5 (851).— 2015.— [С. 45-48] |
|---|---|
| Autor Principal: | |
| Autor Corporativo: | |
| Outros autores: | |
| Summary: | Заглавие с экрана Приводятся описание и результаты исследования электромашинного возбудителя упругих волн давления для инженерно-строительных изысканий средствами сейсморазведки. Даны практические рекомендации, обеспечивающие оптимальный режим работы установки. A description of the results of research and field exciters elastic pressure waves for construction and engineering research facilities survey. Practical recommendations for the optimal operation of the plant. Режим доступа: по договору с организацией-держателем ресурса |
| Idioma: | ruso |
| Publicado: |
2015
|
| Series: | Технические науки |
| Subjects: | |
| Acceso en liña: | http://elibrary.ru/item.asp?id=23457115 |
| Formato: | Electrónico Capítulo de libro |
| KOHA link: | https://koha.lib.tpu.ru/cgi-bin/koha/opac-detail.pl?biblionumber=644173 |
MARC
| LEADER | 00000nla0a2200000 4500 | ||
|---|---|---|---|
| 001 | 644173 | ||
| 005 | 20250306143922.0 | ||
| 035 | |a (RuTPU)RU\TPU\network\9222 | ||
| 035 | |a RU\TPU\network\9008 | ||
| 090 | |a 644173 | ||
| 100 | |a 20151030d2015 k||y0rusy50 ca | ||
| 101 | 0 | |a rus | |
| 102 | |a RU | ||
| 135 | |a drcn ---uucaa | ||
| 181 | 0 | |a i | |
| 182 | 0 | |a b | |
| 200 | 1 | |a Электрогидравлический источник волн давления для малоглубинной сейсморазведки |d Electro-hydraulic power pressure waves for shallow seismic |f Б. А. Франковский, Ю. Г. Шмигирилов | |
| 203 | |a Текст |c электронный | ||
| 225 | 1 | |a Технические науки | |
| 300 | |a Заглавие с экрана | ||
| 320 | |a [Библиогр.: с. 48 (5 назв.)] | ||
| 330 | |a Приводятся описание и результаты исследования электромашинного возбудителя упругих волн давления для инженерно-строительных изысканий средствами сейсморазведки. Даны практические рекомендации, обеспечивающие оптимальный режим работы установки. | ||
| 330 | |a A description of the results of research and field exciters elastic pressure waves for construction and engineering research facilities survey. Practical recommendations for the optimal operation of the plant. | ||
| 333 | |a Режим доступа: по договору с организацией-держателем ресурса | ||
| 461 | |t Механизация строительства |f научно-технический и производственный журнал |d 1939- | ||
| 463 | |t № 5 (851) |v [С. 45-48] |d 2015 | ||
| 510 | 1 | |a Electro-hydraulic power pressure waves for shallow seismic |z eng | |
| 610 | 1 | |a труды учёных ТПУ | |
| 610 | 1 | |a электронный ресурс | |
| 610 | 1 | |a генераторы | |
| 610 | 1 | |a электрогидравлический эффект | |
| 610 | 1 | |a давление | |
| 610 | 1 | |a сейсморазведка | |
| 700 | 1 | |a Франковский |b Б. А. |c специалист в области начертательной геометрии |c доцент Томского политехнического университета |f 1937- |g Борис Анатольевич |3 (RuTPU)RU\TPU\pers\26486 | |
| 701 | 1 | |a Шмигирилов |b Ю. Г. |g Юрий Григорьевич | |
| 712 | 0 | 2 | |a Национальный исследовательский Томский политехнический университет (ТПУ) |b Институт кибернетики (ИК) |b Кафедра инженерной графики и промышленного дизайна (ИГПД) |3 (RuTPU)RU\TPU\col\18737 |
| 801 | 2 | |a RU |b 63413507 |c 20151030 |g RCR | |
| 856 | 4 | |u http://elibrary.ru/item.asp?id=23457115 | |
| 942 | |c CF | ||